| 000 | 004310000a22001810004500 | ||
|---|---|---|---|
| 003 | MACL | ||
| 005 | 20160124113802.0 | ||
| 008 | 160124b xxu||||| |||| 00| 0 eng d | ||
| 040 |
_aMACL _cMACL |
||
| 041 | _aEnglish | ||
| 082 | _a823/GOS | ||
| 100 |
_aGoswami, Indira _94546 |
||
| 245 | _aPages Stained With Blood | ||
| 260 |
_bKatha _c2002 _aNew Delhi |
||
| 350 | _a150 | ||
| 650 |
_aFiction _934397 |
||
| 942 |
_cBK _k823/Gos _2ddc |
||
| 999 |
_c31523 _d31523 |
||